[Event "75th Tata Steel GpC"]
[Site "Wijk aan Zee NED"]
[Date "2013.01.20"]
[Round "8"]
[White "Goryachkina,A"]
[Black "Admiraal,M"]
[Result "1-0"]
[WhiteElo "2402"]
[BlackElo "2321"]
[EventDate "2013.01.12"]

1. d4 Nf6 2. c4 g6 3. Nc3 d5 4. cxd5 Nxd5 5. e4 Nxc3 6. bxc3 Bg7 7. Bc4 c5
8. Ne2 O-O 9. O-O Nc6 10. Be3 Bg4 11. f3 Na5 12. Bxf7+ Rxf7 13. fxg4 Rxf1+
14. Kxf1 Qd6 15. Kg1 Qe6 16. e5 Qxg4 17. Nf4 Qxd1+ 18. Rxd1 Nc4 19. Bc1 Bh6
20. Ne6 Bxc1 21. Rxc1 b6 22. Re1 cxd4 23. cxd4 b5 24. d5 a5 25. Nd4 Nb6 26.
d6 exd6 27. exd6 b4 28. Nc6 Kf8 29. Re7 Rc8 30. Nd4 h5 31. Ne6+ Kg8 32.
Rg7+ Kh8 33. Rb7 Rc6 34. Nd8 Rc1+ 35. Kf2 Rc2+ 36. Ke1 Nc4 37. Nf7+ Kg7 38.
d7 1-0

[Event "75th Tata Steel GpC"]
[Site "Wijk aan Zee NED"]
[Date "2013.01.20"]
[Round "8"]
[White "Schut,L"]
[Black "Bitensky,I"]
[Result "1-0"]
[WhiteElo "2295"]
[BlackElo "2400"]
[EventDate "2013.01.12"]

1. e4 e5 2. Nf3 Nc6 3. Bc4 Be7 4. d4 exd4 5. O-O d6 6. Nxd4 Nf6 7. Nc3 O-O
8. Re1 Bd7 9. Nf5 Ne5 10. Bf1 Re8 11. Nxe7+ Qxe7 12. Bg5 Bc6 13. h3 h6 14.
Bh4 Ng6 15. Bg3 Qf8 16. Qd4 a6 17. Bh2 Re7 18. Re3 Qb8 19. Rae1 Qa7 20.
Qxa7 Rxa7 21. f3 Ra8 22. Kf2 Rae8 23. b4 b5 24. a4 bxa4 25. Bxa6 a3 26. Ne2
Ra8 27. Rxa3 d5 28. e5 Nd7 29. f4 Nb8 30. Rea1 Nxa6 31. Rxa6 Rxa6 32. Rxa6
Bb5 33. Ra5 Bc4 34. Ra8+ Nf8 35. f5 g6 36. Nd4 gxf5 37. Bf4 f6 38. e6 Rh7
39. Nxf5 1-0

[Event "75th Tata Steel GpC"]
[Site "Wijk aan Zee NED"]
[Date "2013.01.20"]
[Round "8"]
[White "Kovchan,A"]
[Black "Burg,T"]
[Result "1/2-1/2"]
[WhiteElo "2579"]
[BlackElo "2492"]
[EventDate "2013.01.12"]

1. e4 c6 2. d4 d5 3. Nc3 dxe4 4. Nxe4 Bf5 5. Ng3 Bg6 6. Nh3 Nf6 7. Nf4 e5
8. dxe5 Qa5+ 9. c3 Qxe5+ 10. Be2 Qc7 11. Ngh5 Nbd7 12. Nxg6 hxg6 13. Bf4
Ne5 14. Nxf6+ gxf6 15. Be3 a5 16. Qd4 Rd8 17. Qb6 Bd6 18. O-O-O Nd7 19.
Qxc7 Bxc7 20. Kc2 f5 21. g3 Nf8 22. Bd4 Rh3 23. Bf1 Rh7 24. Bc4 Ne6 25.
Rhe1 Ke7 26. h4 f4 27. Bc5+ Kf6 28. Rxd8 Bxd8 29. Bd6 Bc7 30. Bxc7 Nxc7 31.
Re4 fxg3 32. fxg3 b5 33. Be2 Rh8 34. a4 Rb8 35. axb5 cxb5 36. b4 axb4 37.
cxb4 Nd5 38. g4 Rc8+ 39. Kd2 Nc3 40. Rf4+ Ke5 41. Rxf7 Nxe2 42. Kxe2 Rc4
43. h5 gxh5 44. gxh5 Ke6 45. Rb7 Rxb4 46. h6 Rh4 47. Rxb5 Kf6 48. Kf3 Rxh6
49. Rb6+ Kg7 50. Rxh6 Kxh6 1/2-1/2

[Event "75th Tata Steel GpC"]
[Site "Wijk aan Zee NED"]
[Date "2013.01.22"]
[Round "9"]
[White "Admiraal,M"]
[Black "Klein,Da"]
[Result "1-0"]
[WhiteElo "2321"]
[BlackElo "2445"]
[EventDate "2013.01.12"]

1. d4 Nf6 2. c4 e6 3. g3 d5 4. Nf3 Be7 5. Bg2 O-O 6. O-O dxc4 7. Qc2 b5 8.
a4 b4 9. Bg5 Nd5 10. Bxe7 Qxe7 11. Ne5 a5 12. Nd2 c5 13. dxc5 Qxc5 14. Qxc4
Qe7 15. Nb3 Ba6 16. Qd4 Qf6 17. Rfe1 Bb7 18. Rac1 Rd8 19. Nc5 Nc7 20. Qxd8+
Qxd8 21. Nxb7 Qe7 22. Red1 Nba6 23. Nxa5 Rf8 24. Nac6 Qf6 25. Nd7 Qxb2 26.
Ne7+ Kh8 27. Nxf8 g5 28. Nd7 b3 29. Rb1 Qc3 30. Rd3 Qb4 31. Nc6 Qxa4 32.
Rdxb3 Nd5 33. Bxd5 exd5 34. Nce5 Kg7 35. Rf3 f6 36. Rxf6 Qc2 37. Rf7+ Kh6
38. Rb6+ Kh5 39. g4+ Kh4 40. Rh6+ 1-0

[Event "75th Tata Steel GpC"]
[Site "Wijk aan Zee NED"]
[Date "2013.01.22"]
[Round "9"]
[White "Van der Werf,M"]
[Black "Swinkels,R"]
[Result "0-1"]
[WhiteElo "2450"]
[BlackElo "2508"]
[EventDate "2013.01.12"]

1. d4 d5 2. c4 c6 3. cxd5 cxd5 4. Bf4 Nf6 5. Nc3 Nc6 6. e3 a6 7. Bd3 Bg4 8.
Nge2 e6 9. h3 Bh5 10. Qb3 Nb4 11. Bb1 Ra7 12. O-O Be7 13. Nc1 O-O 14. Nd3
Nxd3 15. Bxd3 b5 16. Rfc1 Bg6 17. Ne2 Qd7 18. Rc2 Ne4 19. Rac1 Nd6 20. Bxd6
Bxd6 21. Nf4 Be4 22. f3 Bg6 23. Bxg6 hxg6 24. Nd3 g5 25. Rc6 Rd8 26. Qc3 f6
27. Qa5 Kf7 28. Rxa6 Rda8 29. Rcc6 Bb8 30. Rxa7 Rxa7 31. Qxb5 Rxa2 32. Kf2
Bd6 33. Qb6 Be7 34. Kg1 Ra1+ 35. Kh2 Bd8 36. Qc5 Rd1 37. Nb4 Be7 38. Qb6
Bd8 39. Qc5 Be7 40. Qb6 Bd8 41. Qb8 Rb1 42. f4 gxf4 43. exf4 Rxb2 44. Rd6
Qe7 45. Rxd8 Rxb4 46. Qc8 Rc4 47. Qb8 Rb4 48. Qc8 Rc4 49. Qb8 Qc7 50. Qxc7+
Rxc7 51. f5 Ke7 52. Rg8 Kf7 53. Rd8 g5 54. Rd6 exf5 55. Rxd5 Ke6 56. Rc5
Rxc5 57. dxc5 Kd5 58. g3 Kxc5 59. h4 Kd5 60. Kg2 Ke6 61. Kf3 Kf7 62. Ke2
Kg6 63. Kf2 Kh6 64. Ke2 Kg6 65. Kf2 Kg7 66. Kf1 Kh7 67. Ke1 Kg8 68. Kf1 Kg7
69. Ke1 Kf8 70. Ke2 Ke7 71. Kf2 Kd6 72. Ke3 Ke6 73. Ke2 Ke5 74. Kf2 gxh4
75. gxh4 Kf4 76. Ke2 Kg4 77. Ke3 f4+ 0-1

[Event "75th Tata Steel GpC"]
[Site "Wijk aan Zee NED"]
[Date "2013.01.22"]
[Round "9"]
[White "Gretarsson,Hj"]
[Black "Brunello,S"]
[Result "0-1"]
[WhiteElo "2516"]
[BlackElo "2572"]
[EventDate "2013.01.12"]

1. d4 d5 2. c4 c6 3. Nf3 Nf6 4. Nc3 dxc4 5. a4 Bf5 6. Ne5 Nbd7 7. Nxc4 Qc7
8. g3 e5 9. dxe5 Nxe5 10. Bf4 Nfd7 11. Bg2 f6 12. O-O Rd8 13. Qc1 Be6 14.
Nxe5 Nxe5 15. a5 a6 16. Ne4 Bb4 17. Nc5 Bc8 18. Qc2 Bxa5 19. Be3 Bb4 20.
Rfd1 Rxd1+ 21. Qxd1 a5 22. Qb3 Qe7 23. Rc1 Qf7 24. h3 Qxb3 25. Nxb3 Be6 26.
Nd4 Bf7 27. Nc2 Be7 28. Bd2 a4 29. Nd4 Nc4 30. Nxc6 Nxd2 31. Nxe7 Kxe7 32.
Rc7+ Ke6 33. Rxb7 Rc8 34. f4 f5 35. g4 g6 36. g5 Ne4 37. Bxe4 fxe4 38. Kf2
Be8 39. Ke3 Rc2 40. h4 Bd7 41. h5 gxh5 42. f5+ Kd6 43. f6 Rc5 0-1

[Event "75th Tata Steel GpC"]
[Site "Wijk aan Zee NED"]
[Date "2013.01.22"]
[Round "9"]
[White "Bitensky,I"]
[Black "Goryachkina,A"]
[Result "1-0"]
[WhiteElo "2400"]
[BlackElo "2402"]
[EventDate "2013.01.12"]

1. e4 c5 2. Nc3 d6 3. Nge2 Nf6 4. g3 g6 5. Bg2 Bg7 6. O-O Nc6 7. d3 Rb8 8.
f4 O-O 9. h3 Nd7 10. g4 b5 11. Ng3 b4 12. Nce2 Ba6 13. f5 Qb6 14. Kh1 c4
15. Nf4 cxd3 16. cxd3 Nde5 17. g5 Rfc8 18. h4 Qb5 19. d4 Nd3 20. f6 Bf8 21.
Bh3 Rd8 22. Nd5 Qb7 23. fxe7 Nxe7 24. Nf6+ Kh8 25. Rf3 Nxc1 26. Rxc1 Bg7
27. Qd2 Nc6 28. h5 Bxf6 29. gxf6 Bb5 30. Nf5 Ne5 31. Qh6 Rg8 32. Nxd6 Nxf3
33. Nxb7 Rxb7 34. Rc8 1-0

[Event "75th Tata Steel GpC"]
[Site "Wijk aan Zee NED"]
[Date "2013.01.22"]
[Round "9"]
[White "Burg,T"]
[Black "Peralta,Fe"]
[Result "1/2-1/2"]
[WhiteElo "2492"]
[BlackElo "2617"]
[EventDate "2013.01.12"]

1. e4 d6 2. d4 Nf6 3. Nc3 g6 4. f4 Bg7 5. Nf3 O-O 6. Bd3 Na6 7. O-O c5 8.
d5 Bg4 9. Bc4 Nc7 10. h3 Bxf3 11. Qxf3 a6 12. a4 b6 13. Qd3 Qc8 14. Re1 Rb8
15. e5 Nd7 16. e6 fxe6 17. dxe6 Nf6 18. f5 b5 19. axb5 axb5 20. Nxb5 d5 21.
Nxc7 dxc4 22. Qxc4 Qxc7 23. Bf4 Qb6 24. Bxb8 Rxb8 25. fxg6 hxg6 26. Ra6 Qd8
27. Ra2 Qd2 28. Qc3 Qxc3 29. bxc3 Nd5 30. c4 Nb4 31. Ra7 Nxc2 32. Re4 Bf6
33. Rc7 Ra8 34. g4 Kg7 35. Kg2 Nd4 36. Rxc5 Ra2+ 37. Kg3 Ra3+ 38. Kg2 Ra2+
39. Kg3 Ne2+ 40. Kf3 Nc3 41. Re1 Bd4 42. Rc7 Rf2+ 43. Kg3 Ne2+ 44. Rxe2
Rxe2 45. Rxe7+ Kf6 46. Rd7 Bc5 47. Rd5 Be7 48. h4 Re4 49. Rd1 Kxe6 50. Kf3
Rxc4 51. Re1+ Kf7 52. Rh1 Rc3+ 53. Ke4 Rc8 54. g5 Rh8 55. Rf1+ Kg7 56. Rf4
Bd6 57. Rg4 Bb4 58. Kd5 Be1 59. Ra4 Rd8+ 60. Ke6 Re8+ 61. Kd5 Re2 62. Ra7+
Kf8 63. Ra4 Kf7 64. Rf4+ Kg7 65. Ra4 Bf2 66. Rb4 Re7 67. Rf4 Be1 68. Ra4
Rb7 69. Rc4 Ra7 70. Ke6 Bg3 71. Rg4 Ra3 72. Re4 Rd3 73. Ra4 Rd6+ 74. Ke7
Rd5 75. Ra7 Re5+ 76. Kd8+ Kf8 77. Ra6 Rd5+ 78. Kc8 Rd6 79. Rxd6 Bxd6 80.
Kd7 Bg3 81. Ke6 Kg7 82. h5 gxh5 83. Kf5 Bc7 84. g6 Kh6 85. g7 Kxg7 86. Kg5
1/2-1/2

[Event "75th Tata Steel GpC"]
[Site "Wijk aan Zee NED"]
[Date "2013.01.22"]
[Round "9"]
[White "Romanishin,O"]
[Black "Kovchan,A"]
[Result "1/2-1/2"]
[WhiteElo "2521"]
[BlackElo "2579"]
[EventDate "2013.01.12"]

1. Nf3 Nf6 2. c4 g6 3. g3 c6 4. d4 d5 5. cxd5 cxd5 6. Ne5 Bg7 7. Nc3 O-O 8.
Bg2 e6 9. O-O Nfd7 10. Nf3 Nf6 11. Ne5 Nfd7 12. Nf3 Nf6 13. Bf4 Nc6 14. Ne5
Nxe5 15. Bxe5 Bd7 16. Rc1 Rc8 17. Qb3 Bc6 18. Qa3 Re8 19. Rfd1 Bf8 20. Bxf6
Qxf6 21. Qb3 1/2-1/2

[Event "75th Tata Steel GpC"]
[Site "Wijk aan Zee NED"]
[Date "2013.01.22"]
[Round "9"]
[White "Mekhitarian,K"]
[Black "Schut,L"]
[Result "1-0"]
[WhiteElo "2543"]
[BlackElo "2295"]
[EventDate "2013.01.12"]

1. e4 c5 2. Nf3 d6 3. d4 cxd4 4. Nxd4 Nf6 5. Nc3 a6 6. Be3 e5 7. Nb3 Be7 8.
h3 Be6 9. Qf3 Nc6 10. O-O-O Rc8 11. Kb1 b5 12. g4 Nd7 13. h4 Bxh4 14. Rxd6
Be7 15. Rd1 Qc7 16. Nd5 Bxd5 17. exd5 Nd4 18. Bxd4 Qxc2+ 19. Ka1 exd4 20.
Bxb5 Qc7 21. d6 Bxd6 22. Nxd4 Be7 23. Bxd7+ Qxd7 24. Nf5 Qc6 25. Qe3 Rc7
26. Rc1 Qd5 27. Rxc7 Qxh1+ 28. Rc1 1-0

[Event "75th Tata Steel GpC"]
[Site "Wijk aan Zee NED"]
[Date "2013.01.23"]
[Round "10"]
[White "Peralta,Fe"]
[Black "Romanishin,O"]
[Result "1-0"]
[WhiteElo "2617"]
[BlackElo "2521"]
[EventDate "2013.01.12"]

1. d4 Nf6 2. c4 d6 3. Nf3 g6 4. Nc3 Bg4 5. e4 Bxf3 6. Qxf3 Nc6 7. d5 Nd4 8.
Qd1 e5 9. dxe6 Nxe6 10. g3 Bg7 11. Bg2 c6 12. O-O O-O 13. Rb1 Re8 14. Re1
Nd7 15. Be3 Nb6 16. Bf1 Qe7 17. Qd2 Nc5 18. Rbd1 Nba4 19. Nxa4 Nxa4 20. Qc2
Nc5 21. Bg2 a5 22. b3 Qe5 23. Bd4 Qe7 24. Be3 Qe5 25. Bd4 Qe7 26. Bxg7 Kxg7
27. Qd2 Qf6 28. h4 Re6 29. f3 h5 30. Bh3 Qxf3 31. Re3 Qf6 32. Bxe6 Nxe6 33.
Qxd6 Rd8 34. e5 Qf5 35. Rf1 Rxd6 36. Rxf5 Rd7 37. Rf2 Nd4 38. Kh2 c5 39.
Kg2 Re7 40. Rf6 Nf5 41. Re2 Nd4 42. Re1 Ne6 43. Rff1 Nd4 44. Rf2 Nf5 45.
Rd2 Nd4 46. Rd3 b6 47. Kh3 Kf8 48. Rdd1 Re6 49. Rf1 Nf5 50. Rd8+ Ke7 51.
Rd5 Rc6 52. Re1 Rc8 53. Red1 Nd4 54. Rd6 Rb8 55. a4 Rb7 56. Rd3 Nf5 57. Rf6
Nd4 58. g4 hxg4+ 59. Kxg4 Rb8 60. Rd2 Rb7 61. Rdf2 Ke8 62. Rd6 Ke7 63. Rff6
Nf5 64. Rxb6 Rd7 65. Rxf7+ 1-0

[Event "75th Tata Steel GpC"]
[Site "Wijk aan Zee NED"]
[Date "2013.01.23"]
[Round "10"]
[White "Kovchan,A"]
[Black "Admiraal,M"]
[Result "1/2-1/2"]
[WhiteElo "2579"]
[BlackElo "2321"]
[EventDate "2013.01.12"]

1. e4 c5 2. Nf3 e6 3. d4 cxd4 4. Nxd4 Nc6 5. Nc3 Qc7 6. Nxc6 bxc6 7. Bd3
Nf6 8. O-O Be7 9. b3 O-O 10. Bb2 d5 11. Qe2 Re8 12. f4 Bb7 13. Rae1 Rad8
14. Kh1 Bb4 15. e5 Nd7 16. a3 Bf8 17. Qf3 Nc5 18. Be2 Ba6 19. Bxa6 Nxa6 20.
Nd1 Nc5 21. Nf2 a5 22. a4 Nd7 23. Ng4 Nc5 24. Qg3 Kh8 25. Qh4 Qe7 26. Qh3
Ne4 27. f5 exf5 28. Rxf5 Qe6 29. Ref1 Rd7 30. Bc1 g6 31. Rf6 Nxf6 32. Rxf6
Qe7 33. Bg5 Bg7 34. Qh4 Qc5 35. Rf1 h5 36. Nf6 Rde7 37. Nxe8 Rxe8 38. Bf6
Re6 39. Qf4 Bxf6 40. Qh6+ Kg8 41. exf6 Qf8 42. Qd2 Qd8 43. Qf4 Kh7 44. h3
1/2-1/2

[Event "75th Tata Steel GpC"]
[Site "Wijk aan Zee NED"]
[Date "2013.01.23"]
[Round "10"]
[White "Goryachkina,A"]
[Black "Klein,Da"]
[Result "0-1"]
[WhiteElo "2402"]
[BlackElo "2445"]
[EventDate "2013.01.12"]

1. d4 e6 2. c4 b6 3. Nf3 Bb7 4. g3 Bb4+ 5. Bd2 Bxf3 6. exf3 Bxd2+ 7. Qxd2
Nf6 8. Nc3 Nc6 9. f4 Ne7 10. Bg2 d5 11. O-O c6 12. Qd3 O-O 13. Rad1 Qd6 14.
a3 Rfd8 15. Rfe1 Nf5 16. cxd5 cxd5 17. Bh3 g6 18. Bxf5 gxf5 19. Rc1 Rdc8
20. Qa6 Qd7 21. Na2 Ne4 22. Nb4 Rc7 23. Nd3 Rac8 24. Rxc7 Rxc7 25. Ne5 Qc8
26. Qe2 Qd8 27. a4 Qe7 28. Qb5 Kg7 29. a5 bxa5 30. Qxa5 Rc2 31. Nd3 Qb7 32.
b4 Rd2 33. Nc5 Qb6 34. Qa4 Nxf2 35. Qd7 Ne4 36. Qe7 h6 37. Ra1 Nxc5 38.
Rxa7 Nd7 39. Qxd7 Qxd4+ 40. Kh1 Qe4+ 0-1

[Event "75th Tata Steel GpC"]
[Site "Wijk aan Zee NED"]
[Date "2013.01.23"]
[Round "10"]
[White "Swinkels,R"]
[Black "Burg,T"]
[Result "1-0"]
[WhiteElo "2508"]
[BlackElo "2492"]
[EventDate "2013.01.12"]

1. d4 d5 2. c4 c6 3. Nf3 Nf6 4. Nc3 dxc4 5. a4 Bf5 6. Ne5 Nbd7 7. Nxc4 Nb6
8. Ne5 a5 9. Bg5 h6 10. Bh4 Bh7 11. f3 e6 12. e4 Be7 13. Bf2 O-O 14. Be2
Nfd7 15. Nd3 Qc7 16. Rc1 Rfd8 17. Qb3 Nc8 18. O-O Qb6 19. Qa2 Qc7 20. Rfd1
Bd6 21. g3 Qb8 22. Qb3 Ne7 23. Kg2 Bc7 24. Rc2 Bb6 25. Rcd2 Qa7 26. Ne5
Nxe5 27. dxe5 Rxd2 28. Bxb6 Rxe2+ 29. Nxe2 Qa6 30. Nf4 Re8 31. Rd7 Ng6 32.
Nd3 Nf8 33. Rd6 Bg6 34. Kf2 f6 35. Nc5 Qa8 36. exf6 gxf6 37. f4 Qb8 38. Qd1
h5 39. Qd2 Bf7 40. e5 Bg6 41. exf6 e5 42. f5 e4 43. Nxe4 Rxe4 44. fxg6 Qc8
45. f7+ Kh8 46. Qh6+ Nh7 47. g7+ 1-0

[Event "75th Tata Steel GpC"]
[Site "Wijk aan Zee NED"]
[Date "2013.01.23"]
[Round "10"]
[White "Schut,L"]
[Black "Gretarsson,Hj"]
[Result "0-1"]
[WhiteElo "2295"]
[BlackElo "2516"]
[EventDate "2013.01.12"]

1. e4 e5 2. Nf3 Nc6 3. Bc4 Bc5 4. b4 Bxb4 5. c3 Be7 6. d4 Na5 7. Be2 exd4
8. Qxd4 Nc6 9. Qxg7 Bf6 10. Qg3 d6 11. Bd2 Nge7 12. Qf4 Ng6 13. Qe3 Qe7 14.
Na3 Bg4 15. Rb1 O-O 16. O-O Rfe8 17. Rxb7 d5 18. Nb5 Qd8 19. Nxc7 Re7 20.
e5 Ncxe5 21. Nxe5 Bxe5 22. Bxg4 Bxc7 23. Qh6 Bxh2+ 24. Qxh2 Rxb7 25. f4
Qb6+ 26. Kh1 Qa6 27. Rd1 Qc4 28. Be3 Qe4 29. Qg3 Rb1 30. Rxb1 Qxb1+ 31. Kh2
Re8 32. f5 h5 33. Bh3 h4 34. Qf3 Qe1 35. Bd4 Qg3+ 36. Qxg3 hxg3+ 37. Kxg3
Ne5 38. Bxa7 Ra8 39. Bd4 Nc6 40. Bf6 Rxa2 41. Bg4 d4 42. Bf3 dxc3 43. Bxc3
Ne7 44. Kf4 Ra4+ 45. Kg5 Nc8 46. Be5 Nb6 47. Bd6 Nc4 48. Bf4 Kg7 49. f6+
Kg8 50. Bg4 Nb6 51. g3 Nd5 52. Bf3 Ra5 53. Bxd5 Rxd5+ 54. Kh6 Rf5 55. Bg5
Rf2 56. Bh4 Rh2 57. Kh5 Kh7 58. Kg5 Rc2 59. g4 Rc5+ 60. Kf4 Kg6 61. Kf3
Rc3+ 62. Kg2 Rb3 63. Kh2 Kh7 64. Bg3 Rf3 65. Bh4 Kg8 66. Kg2 Rb3 67. Bf2
Kf8 68. Bg3 Ke8 69. Kh3 Kd7 70. g5 Ke6 71. Kg4 Rb4+ 72. Bf4 Ra4 73. Kg3 Kf5
74. Be3 Ra3 75. Kf3 Rb3 76. Kf2 Ke4 77. g6 Rb2+ 78. Kg3 Kxe3 79. gxf7 Rb8
80. Kg4 Ke4 81. Kg5 Ke5 82. Kg6 Ke6 83. Kg7 Rb7 0-1

[Event "75th Tata Steel GpC"]
[Site "Wijk aan Zee NED"]
[Date "2013.01.23"]
[Round "10"]
[White "Brunello,S"]
[Black "Van der Werf,M"]
[Result "1-0"]
[WhiteElo "2572"]
[BlackElo "2450"]
[EventDate "2013.01.12"]

1. d4 Nf6 2. c4 e6 3. Nf3 d5 4. Nc3 c5 5. cxd5 Nxd5 6. e4 Nxc3 7. bxc3 cxd4
8. cxd4 Bb4+ 9. Bd2 Bxd2+ 10. Qxd2 O-O 11. Bc4 Nd7 12. O-O b6 13. Rad1 Bb7
14. Rfe1 Rc8 15. Bd3 h6 16. h3 Qc7 17. Bb1 Rfd8 18. d5 exd5 19. exd5 Nf6
20. d6 Qc3 21. Qxc3 Rxc3 22. Ne5 Bd5 23. Ng4 Nxg4 24. Rxd5 Nf6 25. Rd4 Rc6
26. Red1 Ne8 27. d7 Nf6 28. Bd3 Rc7 29. Bb5 Kf8 30. g3 a6 31. Bxa6 Rdxd7
32. Bb5 Rxd4 33. Rxd4 Ke7 34. Rb4 Nd5 35. Rb2 Kd6 36. Bf1 Rc1 37. Kg2 Kc5
38. Bb5 Nc3 39. Be8 f6 40. Kf3 b5 41. Kg4 Re1 42. Bf7 Re7 43. Bg8 g6 44.
Kf3 b4 45. Rd2 f5 46. Rd8 Ra7 47. Rc8+ Kd6 48. Re8 Rg7 49. Bb3 Ne4 50. Ke3
Nc5 51. Kd4 Nxb3+ 52. axb3 Rc7 53. Rg8 Rc3 54. Rxg6+ Ke7 55. Rxh6 Rxb3 56.
Rh4 Ke6 57. Rf4 Rc3 58. g4 Rxh3 59. Rxf5 b3 60. Ke4 Rh2 61. Kf3 Rh3+ 62.
Kf4 Rd3 63. Rb5 Rd2 64. Ke3 Rb2 65. g5 Rb1 66. Ke4 Re1+ 67. Kf4 Rf1 68. f3
Rb1 69. Rb6+ Ke7 70. Kf5 b2 71. f4 Kd7 72. g6 Kc7 73. Rb3 Kd6 74. g7 Rg1
75. Kf6 1-0

[Event "75th Tata Steel GpC"]
[Site "Wijk aan Zee NED"]
[Date "2013.01.23"]
[Round "10"]
[White "Bitensky,I"]
[Black "Mekhitarian,K"]
[Result "1-0"]
[WhiteElo "2400"]
[BlackElo "2543"]
[EventDate "2013.01.12"]

1. Nf3 d5 2. g3 Nf6 3. Bg2 c6 4. O-O Bf5 5. d3 e6 6. Nh4 Bg4 7. h3 Bh5 8.
Qe1 Be7 9. f4 O-O 10. e4 Nfd7 11. Nf3 dxe4 12. dxe4 Bxf3 13. Bxf3 e5 14.
Nd2 Qc7 15. Bg2 b5 16. Nf3 Na6 17. Bd2 Nac5 18. Kh1 a5 19. f5 Nf6 20. Nh2
Rfd8 21. g4 Nfxe4 22. Be3 Rd7 23. g5 Rad8 24. Ng4 Bxg5 25. Bxg5 Nxg5 26.
Qe3 Nge4 27. Bxe4 Nxe4 28. Qxe4 f6 29. Rg1 Kh8 30. Rg2 Rd4 31. Qe2 Qf7 32.
Kh2 Qh5 33. Rf1 Qf7 34. b3 Qc7 35. Qe1 c5 36. Qg3 c4 37. Rfg1 Rd2 38. bxc4
bxc4 39. Ne3 c3 40. Kh1 R8d7 41. Qf3 R2d4 42. Nf1 a4 43. Ng3 Rf4 44. Qh5
Qc8 45. Ne2 Rc4 46. Qf3 a3 47. Rg4 h6 48. Rxc4 Qxc4 49. Nxc3 Rd2 50. Qb7
Qg8 51. Ne4 Rxc2 52. Nxf6 Qf8 53. Nh5 Rxa2 54. f6 g5 55. Rc1 Rb2 56. Qg7+
Qxg7 57. fxg7+ Kh7 58. Rc8 1-0

[Event "75th Tata Steel GpC"]
[Site "Wijk aan Zee NED"]
[Date "2013.01.25"]
[Round "11"]
[White "Van der Werf,M"]
[Black "Schut,L"]
[Result "0-1"]
[WhiteElo "2450"]
[BlackElo "2295"]
[EventDate "2013.01.12"]

1. c4 g6 2. Nf3 Bg7 3. d4 Nf6 4. g3 c6 5. Bg2 d5 6. b3 dxc4 7. bxc4 c5 8.
Bb2 Ne4 9. O-O Nc6 10. e3 O-O 11. Nbd2 Nxd2 12. Qxd2 cxd4 13. exd4 Bg4 14.
d5 Bxf3 15. Bxf3 Ne5 16. Be2 Rc8 17. Rfc1 b6 18. a4 a5 19. Rab1 h5 20. Bxe5
Bxe5 21. Qe3 Bc7 22. Re1 Qd6 23. Bd3 Rfe8 24. c5 bxc5 25. Bb5 Red8 26. Qxe7
Qxd5 27. Ba6 Re8 28. Qxe8+ Rxe8 29. Rxe8+ Kg7 30. Rc1 Be5 31. Bc4 Qd2 32.
Rf1 Bf6 33. h4 Qc3 34. Bb5 Bd4 35. Kg2 Qb3 36. Re2 Qd5+ 37. f3 g5 38. hxg5
Qxg5 39. Re4 f5 40. f4 Qd8 41. Re8 Qd5+ 42. Kh3 Bf6 43. Rc8 h4 44. gxh4
Qb3+ 45. Kh2 Qc2+ 46. Kh3 Qc3+ 47. Kg2 Bxh4 48. Rf3 Qd2+ 49. Kh3 Qd1 50.
Kg2 Qd5 51. Rc7+ Kf8 52. Rc8+ Ke7 53. Rc7+ Kf8 54. Rc8+ Kf7 55. Rc7+ Be7
56. Rd7 Qe4 57. Rdd3 Bf6 58. Rde3 Qd5 59. Re2 c4 60. Kg3 Bh4+ 61. Kg2 c3
62. Bd3 Bf6 63. Bc2 Kf8 64. Kg3 Bd4 65. Kg2 Bf6 66. Kg3 Qg8+ 67. Kh2 Qg4
68. Ref2 Bh4 69. Rf1 Be1 70. Bxf5 Qh5+ 71. Kg2 Qe8 72. Bd3 Bd2 73. Bc2 Qe6
74. f5 Qa2 75. Bd1 c2 76. Bxc2 Qxc2 77. R1f2 Qc1 78. f6 Be1 79. Re2 Qd1 80.
Ree3 Bd2 81. Rd3 Qe2+ 82. Kh3 Qe6+ 83. Kg2 Qg4+ 84. Kf1 Kf7 85. Ke2 Bg5 86.
Kd1 Qxa4+ 87. Ke2 Qc6 88. Rc3 Qd6 89. Rcd3 Qe6+ 90. Kd1 Bxf6 91. Kc1 a4 92.
Kb1 Qe4 93. Ka2 Qb4 0-1

[Event "75th Tata Steel GpC"]
[Site "Wijk aan Zee NED"]
[Date "2013.01.25"]
[Round "11"]
[White "Burg,T"]
[Black "Brunello,S"]
[Result "1/2-1/2"]
[WhiteElo "2492"]
[BlackElo "2572"]
[EventDate "2013.01.12"]

1. e4 c6 2. d4 d5 3. Nd2 dxe4 4. Nxe4 Bf5 5. Nc5 e5 6. Nxb7 Qb6 7. Nc5 Bxc5
8. dxc5 Qxc5 9. Bd3 Bxd3 10. Qxd3 Nf6 11. Ne2 O-O 12. O-O Nbd7 13. c4 a5
14. Qc2 Rfb8 15. Rd1 Qb4 16. Rb1 Nb6 17. b3 Nxc4 18. Ra1 Nb6 19. Qxc6 Nbd5
20. Bd2 Qg4 21. f3 Qg6 22. Rac1 h6 23. Qc2 Qxc2 24. Rxc2 Nb4 25. Bxb4 axb4
26. Kf2 Rb5 27. Nc1 Nd5 28. Nd3 f6 29. Rdd2 Raa5 30. g4 g5 31. Rc8+ Kf7 32.
Rdc2 Ra7 33. Nc5 Ne7 34. Rd8 Rc7 35. Rf8+ Kxf8 36. Ne6+ Kf7 37. Nxc7 Ra5
38. Ke3 Nd5+ 1/2-1/2

[Event "75th Tata Steel GpC"]
[Site "Wijk aan Zee NED"]
[Date "2013.01.25"]
[Round "11"]
[White "Admiraal,M"]
[Black "Peralta,Fe"]
[Result "0-1"]
[WhiteElo "2321"]
[BlackElo "2617"]
[EventDate "2013.01.12"]

1. d4 d5 2. c4 e6 3. Nf3 Nf6 4. g3 Bb4+ 5. Bd2 Be7 6. Bg2 O-O 7. O-O c6 8.
Qc2 Nbd7 9. Bf4 a5 10. Rd1 Nh5 11. Bc1 f5 12. b3 Qe8 13. Ba3 Bxa3 14. Nxa3
Nhf6 15. Qb2 Ne4 16. Nc2 b6 17. Nce1 Qe7 18. Rac1 Bb7 19. Nd3 Rfc8 20. e3
Nef6 21. Rd2 a4 22. b4 Ne4 23. Rdd1 Nd6 24. Nd2 b5 25. cxb5 cxb5 26. Rxc8+
Rxc8 27. Nc5 Bc6 28. Nb1 Nc4 29. Qe2 Nxc5 30. dxc5 Qf6 31. Rd4 Rd8 32. Nc3
Qf7 33. Qd1 h6 34. Bf1 e5 35. Rxc4 bxc4 36. Bxc4 Rd7 37. Ba6 d4 38. exd4
exd4 39. Nxa4 Qd5 40. f3 d3 41. Nb6 Qd4+ 42. Kf1 Rd8 43. Nc8 Re8 44. Qxd3
Qxd3+ 45. Bxd3 Rxc8 46. b5 Bxf3 47. c6 g6 48. Bc4+ Kf8 49. Be6 Ra8 50. Kf2
Ke7 51. Bb3 Be4 52. Ke3 Kd6 53. Kd4 Ra3 54. Kc4 g5 55. Kb4 Ra8 56. a4 f4
57. gxf4 gxf4 0-1

[Event "75th Tata Steel GpC"]
[Site "Wijk aan Zee NED"]
[Date "2013.01.25"]
[Round "11"]
[White "Klein,Da"]
[Black "Kovchan,A"]
[Result "1/2-1/2"]
[WhiteElo "2445"]
[BlackElo "2579"]
[EventDate "2013.01.12"]

1. Nf3 Nf6 2. c4 g6 3. Nc3 d5 4. cxd5 Nxd5 5. e4 Nxc3 6. dxc3 Qxd1+ 7. Kxd1
Bg4 8. Bf4 c6 9. Kc2 Bxf3 10. gxf3 Nd7 11. Rd1 e6 12. Be3 h5 13. f4 Bh6 14.
Bh3 O-O-O 15. a4 a5 16. b4 axb4 17. cxb4 Rhg8 18. Kb3 g5 19. fxg5 Bxg5 20.
f4 Bh6 21. Bc1 Kc7 22. f5 Bxc1 23. fxe6 fxe6 24. Bxe6 Bf4 25. Rxd7+ Rxd7
26. Bxg8 Rd3+ 27. Kc2 Rd4 28. b5 Rxe4 29. bxc6 bxc6 30. h4 Rxa4 31. Bf7 c5
32. Bxh5 c4 33. Be8 Ra3 34. Bf7 Be5 35. Bxc4 Rc3+ 36. Kb1 Rxc4 37. Rc1 Bc3
38. Ka2 Kb6 39. Kb3 Rxh4 40. Rxc3 1/2-1/2

[Event "75th Tata Steel GpC"]
[Site "Wijk aan Zee NED"]
[Date "2013.01.25"]
[Round "11"]
[White "Mekhitarian,K"]
[Black "Goryachkina,A"]
[Result "1-0"]
[WhiteElo "2543"]
[BlackElo "2402"]
[EventDate "2013.01.12"]

1. e4 c6 2. Nf3 d5 3. Nc3 Bg4 4. h3 Bxf3 5. Qxf3 Nf6 6. d3 e6 7. Bd2 Qb6 8.
O-O-O d4 9. Ne2 Na6 10. Kb1 Nc7 11. Qg3 O-O-O 12. Nc1 Rg8 13. Nb3 Bb4 14.
c3 dxc3 15. bxc3 Be7 16. Be2 Nb5 17. Qe3 Qa6 18. Ka1 Na3 19. Rc1 Nd7 20. e5
Kb8 21. c4 Ka8 22. Bc3 f6 23. exf6 gxf6 24. Qxe6 Nc5 25. Nxc5 Bxc5 26. d4
Rde8 27. Qf7 Bd6 28. Bd3 Bf4 29. Rce1 Ref8 30. Qe7 Qa4 31. g3 Nc2+ 32. Bxc2
Qxc2 33. Bb2 Bh6 34. Qe2 Qg6 35. d5 cxd5 36. cxd5 Rd8 37. Qf3 Qc2 38. Re2
Qc4 39. Rd1 Rd6 40. Qg4 Qxg4 41. hxg4 Kb8 42. Re6 Rgd8 43. Rxd6 Rxd6 44. f4
Kc8 45. Rh1 Rxd5 46. Bxf6 Bf8 47. Rxh7 Ba3 48. Kb1 Rd3 49. Kc2 Rxg3 50. g5
Rg2+ 51. Kd3 Bc1 52. Be5 Kd8 53. Rxb7 a5 54. a4 1-0

[Event "75th Tata Steel GpC"]
[Site "Wijk aan Zee NED"]
[Date "2013.01.25"]
[Round "11"]
[White "Gretarsson,Hj"]
[Black "Bitensky,I"]
[Result "1-0"]
[WhiteElo "2516"]
[BlackElo "2400"]
[EventDate "2013.01.12"]

1. d4 Nf6 2. c4 c5 3. d5 e5 4. Nc3 d6 5. e4 Nbd7 6. g3 a6 7. a4 g6 8. Bg2
Bg7 9. Nf3 O-O 10. O-O Ne8 11. Qd3 Rb8 12. a5 b6 13. axb6 Qxb6 14. Bd2 Qd8
15. Rab1 Qe7 16. Ne2 Kh8 17. Rfe1 Rg8 18. Qc2 Qf8 19. b4 Bh6 20. bxc5 Rxb1
21. Rxb1 Bxd2 22. c6 Bh6 23. cxd7 Bxd7 24. Rb7 Bg4 25. h3 Bxf3 26. Bxf3 f5
27. exf5 gxf5 28. Bh5 Ng7 29. Bf7 Qc8 30. Qb3 Rf8 31. Qb6 f4 32. Qxd6 f3
33. Nc3 Nf5 34. Qc7 Nd4 35. Kh2 Qf5 36. Be6 Qg6 37. Rb8 Nxe6 38. dxe6 Qxe6
39. Rb6 Qf5 40. Rxh6 Rc8 41. Rxh7+ 1-0